[Event "Olimpiada Dresden 2008 Femenina"]
[Site "Dresden GER"]
[Date "2008.11.21"]
[Round "8.13"]
[White "Limontaite, Simona"]
[Black "Makropoulou, Marina"]
[Result "1-0"]
[WhiteElo "2197"]
[BlackElo "2265"]
[PlyCount "131"]
[EventDate "2008.11.13"]
[EventType "team-tourn"]
[EventRounds "11"]
[EventCountry "GER"]
[Source "lmi"]
[SourceDate "2008.11.13"]
[WhiteTeam "Lituania"]
[BlackTeam "Grecia"]
[WhiteTeamCountry "LTU"]
[BlackTeamCountry "GRE"]

1. d4 d6 2. c4 e5 3. Nc3 exd4 4. Qxd4 Nf6 5. Qd2 g6 6. g3 Bg7 7. Bg2 O-O 8. b3
a5 9. Bb2 Nbd7 10. Nh3 Nc5 11. Rd1 Re8 12. f3 a4 13. b4 a3 14. Ba1 Na6 15. Nd5
Nxd5 16. cxd5 Bxa1 17. Rxa1 Bxh3 18. Bxh3 Qf6 19. Kf2 c5 20. dxc6 bxc6 21. Bd7
Re7 22. Bxc6 Rb8 23. Rab1 d5 24. Rhc1 d4 25. b5 Nc7 26. Rb3 Qd6 27. Qf4 Re5 28.
Rc2 Ne6 29. Qc1 Ng5 30. h4 Ne6 31. Qxa3 Rc5 32. Rd3 Rd8 33. Rcd2 Qe5 34. Qb2 h5
35. a4 g5 36. hxg5 h4 37. f4 hxg3+ 38. Rxg3 Qxf4+ 39. Kg2 Rxg5 40. Rdd3 f6 41.
Qa2 Kf7 42. Rxg5 Qxg5+ 43. Rg3 Qe5 44. a5 f5 45. a6 Kf6 46. Qd2 f4 47. Rg4 Rh8
48. Bf3 Qxb5 49. a7 Qa4 50. Qd3 Qxa7 51. Qg6+ Ke5 52. Qe4+ Kd6 53. Rg6 Qf7 54.
Qxd4+ Ke7 55. Rxe6+ Qxe6 56. Qxh8 Qg6+ 57. Kf2 Qb6+ 58. Kf1 Qb1+ 59. Kg2 Qg6+
60. Kh1 Qg3 61. Qh2 Qg5 62. Qh3 Kd6 63. Qg4 Qe5 64. Qg6+ Kc7 65. Qc6+ Kd8 66.
Qd6+ 1-0

[Event "Olimpiada Dresden 2008 Femenina"]
[Site "Dresden GER"]
[Date "2008.11.21"]
[Round "8.13"]
[White "Fakhiridou, Ekaterini"]
[Black "Sarakauskiene, Zivile"]
[Result "1/2-1/2"]
[WhiteElo "2248"]
[BlackElo "2188"]
[PlyCount "118"]
[EventDate "2008.11.13"]
[EventType "team-tourn"]
[EventRounds "11"]
[EventCountry "GER"]
[Source "lmi"]
[SourceDate "2008.11.13"]
[WhiteTeam "Grecia"]
[BlackTeam "Lituania"]
[WhiteTeamCountry "GRE"]
[BlackTeamCountry "LTU"]

1. e4 c5 2. Nf3 e6 3. d4 cxd4 4. Nxd4 a6 5. Bd3 Nf6 6. O-O d6 7. c4 g6 8. Nc3
Bg7 9. Qe2 O-O 10. Rd1 Nbd7 11. Nf3 Qc7 12. Bf4 Ne5 13. Nxe5 dxe5 14. Be3 Nd7
15. Rac1 b6 16. b4 Rd8 17. Bg5 Bf6 18. Bxf6 Nxf6 19. c5 Rd4 20. Na4 b5 21. Nb6
Rb8 22. a3 Bb7 23. f3 Rbd8 24. Bc2 Kg7 25. Rxd4 Rxd4 26. Rd1 Qd8 27. Rd3 Ng8
28. Qd2 Ne7 29. Rxd4 exd4 30. Bd3 Nc6 31. Qf4 e5 32. Qd2 Ne7 33. a4 Bc6 34.
axb5 axb5 35. Qe2 Qe8 36. Qa2 Nc8 37. Nd5 Qe6 38. Bc2 f5 39. Bd3 Kf8 40. Qe2
Bxd5 41. exd5 Qxd5 42. Bxb5 e4 43. Bc4 Qb7 44. Qd2 e3 45. Qb2 Qd7 46. Bd3 Qa4
47. Qb1 Ne7 48. b5 Kg7 49. h4 Qa3 50. b6 Nc6 51. b7 Nb8 52. Qc2 Qa1+ 53. Bf1
Qe1 54. h5 Kh6 55. hxg6 d3 56. Qxd3 Qf2+ 57. Kh2 Qh4+ 58. Kg1 Qf2+ 59. Kh1 Qh4+
1/2-1/2

[Event "Olimpiada Dresden 2008 Femenina"]
[Site "Dresden GER"]
[Date "2008.11.21"]
[Round "8.14"]
[White "Yanjindulam, Dulamsuren"]
[Black "Pham, Le Thao Nguyen"]
[Result "0-1"]
[WhiteElo "2286"]
[BlackElo "2304"]
[PlyCount "88"]
[EventDate "2008.11.13"]
[EventType "team-tourn"]
[EventRounds "11"]
[EventCountry "GER"]
[Source "lmi"]
[SourceDate "2008.11.13"]
[WhiteTeam "Mongolia"]
[BlackTeam "Vietnam"]
[WhiteTeamCountry "MGL"]
[BlackTeamCountry "VIE"]

1. e4 c5 2. Nf3 e6 3. Nc3 a6 4. d4 cxd4 5. Nxd4 b5 6. Bd3 Bb7 7. O-O Nc6 8. Be3
Nf6 9. Nxc6 dxc6 10. e5 Nd7 11. f4 Bc5 12. Bxc5 Nxc5 13. Rf3 Qd4+ 14. Kh1 O-O-O
15. Qf1 Qb4 16. Qc1 Kb8 17. a3 Qd4 18. Ne2 Nxd3 19. cxd3 Qa7 20. Rg3 c5 21. Qc2
g6 22. Rc1 Rc8 23. Nc3 Rhd8 24. h3 Rd4 25. Ne2 Rd7 26. a4 c4 27. d4 b4 28. a5
Bd5 29. Kh2 Rb7 30. Qd2 Rb5 31. Ra1 Qb7 32. Ra4 Ka7 33. Ra1 Qc7 34. Ra4 Rcb8
35. f5 gxf5 36. Rg7 R8b7 37. Rxh7 Qd8 38. Rg7 Qh4 39. Ng3 f4 40. Nf1 f3 41.
gxf3 c3 42. Qe3 cxb2 43. Nd2 Rc7 44. Rg8 Qh7 0-1

[Event "Olimpiada Dresden 2008 Femenina"]
[Site "Dresden GER"]
[Date "2008.11.21"]
[Round "8.14"]
[White "Le, Kieu Thien Kim"]
[Black "Enxtuul, Altanolzii"]
[Result "1/2-1/2"]
[WhiteElo "2291"]
[BlackElo "1977"]
[PlyCount "148"]
[EventDate "2008.11.13"]
[EventType "team-tourn"]
[EventRounds "11"]
[EventCountry "GER"]
[Source "lmi"]
[SourceDate "2008.11.13"]
[WhiteTeam "Vietnam"]
[BlackTeam "Mongolia"]
[WhiteTeamCountry "VIE"]
[BlackTeamCountry "MGL"]

1. d4 d5 2. Nf3 c5 3. c3 e6 4. Bf4 Nc6 5. e3 Qb6 6. Qc1 Bd7 7. Nbd2 Rc8 8. Qb1
Nf6 9. h3 a5 10. a4 Be7 11. Bd3 O-O 12. Ne5 h6 13. O-O cxd4 14. exd4 Nxe5 15.
Bxe5 Bc6 16. Re1 Nd7 17. Bg3 Rfe8 18. Nf3 Qd8 19. Qd1 Nb6 20. Ne5 Bf6 21. Nxc6
bxc6 22. Ba6 c5 23. Bxc8 Qxc8 24. Be5 Bxe5 25. Rxe5 cxd4 26. Qxd4 Nc4 27. Re2
Qb7 28. Rb1 Qb3 29. Qd1 Rb8 30. Qxb3 Rxb3 31. Kf1 Nb6 32. Ra1 Nc4 33. Ra2 e5
34. Ke1 d4 35. cxd4 exd4 36. Rc2 Rb4 37. Ke2 Nb6 38. b3 Rxb3 39. Rcb2 d3+ 40.
Kd1 Rxb2 41. Rxb2 Nxa4 42. Rb8+ Kh7 43. f3 Kg6 44. g3 Nc3+ 45. Kd2 Ne2 46. Rb1
Kf6 47. g4 g5 48. Kxd3 Nf4+ 49. Kd4 a4 50. Ra1 a3 51. h4 gxh4 52. Rxa3 Ne2+ 53.
Ke3 Ng3 54. Kf2 Kg5 55. Ra5+ f5 56. Kg2 h5 57. gxf5 Nxf5 58. Ra4 Ne7 59. Kf2
Nf5 60. Re4 Ng3 61. Re8 Kf4 62. Kg2 Nf5 63. Re4+ Kg5 64. Kh3 Kf6 65. f4 Kf7 66.
Ra4 Ke6 67. Ra8 Kf6 68. Rh8 Kg6 69. Rg8+ Kf6 70. Rg5 Ng7 71. Rg1 Ne6 72. Rf1
Kf5 73. Kxh4 Nxf4 74. Kg3 h4+ 1/2-1/2

[Event "Olimpiada Dresden 2008 Femenina"]
[Site "Dresden GER"]
[Date "2008.11.21"]
[Round "8.14"]
[White "Munhchuluun, Cegmed"]
[Black "Dang, Bich Ngoc"]
[Result "1/2-1/2"]
[WhiteElo "1969"]
[BlackElo "2186"]
[PlyCount "215"]
[EventDate "2008.11.13"]
[EventType "team-tourn"]
[EventRounds "11"]
[EventCountry "GER"]
[Source "lmi"]
[SourceDate "2008.11.13"]
[WhiteTeam "Mongolia"]
[BlackTeam "Vietnam"]
[WhiteTeamCountry "MGL"]
[BlackTeamCountry "VIE"]

1. d4 Nf6 2. Nf3 c5 3. e3 g6 4. c4 Bg7 5. Nc3 O-O 6. Bd3 cxd4 7. exd4 d5 8. Ne5
Nc6 9. Be3 Nxe5 10. dxe5 Ng4 11. Nxd5 Nxe3 12. Nxe3 Qa5+ 13. Qd2 Qxe5 14. Rb1
Rd8 15. O-O Bh6 16. Qe2 Bf4 17. h3 Qg5 18. Nd5 Bd6 19. Qf3 Bd7 20. Qe3 Qxe3 21.
fxe3 Rab8 22. Rbc1 Rdc8 23. b4 Be6 24. a3 b5 25. e4 bxc4 26. Bxc4 Kg7 27. Ne3
Be5 28. Bxe6 fxe6 29. Nc4 Bd4+ 30. Kh2 Rc7 31. Rc2 Rbc8 32. Rfc1 Be5+ 33. g3 h5
34. Kg2 h4 35. gxh4 Bb2 36. Rxb2 Rxc4 37. Re1 Rc3 38. Rf1 Rxa3 39. Rf3 Rxf3 40.
Kxf3 Rc3+ 41. Kf4 Kf6 42. e5+ Kf7 43. Kg5 Re3 44. Kf4 Rxh3 45. Kg4 Rc3 46. Rf2+
Kg7 47. Ra2 Rc4+ 48. Kg5 Re4 49. Ra5 Kf7 50. h5 gxh5 51. Kxh5 Rxb4 52. Kg5 Re4
53. Kh5 Rd4 54. Kg5 Rd5 55. Rxa7 Rxe5+ 56. Kf4 Re1 57. Rb7 Kf6 58. Rb6 Rd1 59.
Ke4 Ra1 60. Kf4 Ra4+ 61. Ke3 Kf5 62. Rb7 Ra3+ 63. Kf2 e5 64. Rxe7 Ke4 65. Rb7
Ra2+ 66. Kg3 Rd2 67. Rb1 Kd3 68. Rb4 e4 69. Rb3+ Kd4 70. Rb4+ Ke3 71. Rb3+ Rd3
72. Rb2 Ra3 73. Kg2 Rc3 74. Ra2 Rb3 75. Ra8 Rb2+ 76. Kf1 Rb1+ 77. Kg2 Rd1 78.
Re8 Rd4 79. Kf1 Rc4 80. Re7 Rc1+ 81. Kg2 Re1 82. Ra7 Rd1 83. Re7 Kd3 84. Kf2
Rd2+ 85. Ke1 Ra2 86. Kf1 Ke3 87. Re8 Ra4 88. Re7 Ra1+ 89. Kg2 Ra8 90. Kf1 Rf8+
91. Ke1 Kf3 92. Kd2 Rd8+ 93. Ke1 Ke3 94. Kf1 Rd1+ 95. Kg2 Re1 96. Re8 Kd2 97.
Ra8 Rc1 98. Rd8+ Ke2 99. Ra8 Rd1 100. Ra2+ Rd2 101. Ra3 e3 102. Ra1 Rc2 103.
Ra8 Kd1+ 104. Kf3 Rc3 105. Ra1+ Kd2 106. Ra2+ Kd3 107. Ra8 Kd2 108. Ra2+
1/2-1/2

[Event "Olimpiada Dresden 2008 Femenina"]
[Site "Dresden GER"]
[Date "2008.11.21"]
[Round "8.15"]
[White "Repkova, Eva"]
[Black "Sanchez Castillo, Sarai"]
[Result "1-0"]
[WhiteElo "2400"]
[BlackElo "2206"]
[PlyCount "113"]
[EventDate "2008.11.13"]
[EventType "team-tourn"]
[EventRounds "11"]
[EventCountry "GER"]
[Source "lmi"]
[SourceDate "2008.11.13"]
[WhiteTeam "Eslovaquia"]
[BlackTeam "Venezuela"]
[WhiteTeamCountry "SVK"]
[BlackTeamCountry "VEN"]

1. e4 e6 2. b3 d5 3. Bb2 dxe4 4. Nc3 Nf6 5. Qe2 Be7 6. Nxe4 Nbd7 7. O-O-O O-O
8. Nf3 a5 9. a4 c6 10. Neg5 Nd5 11. h4 N7f6 12. Ne5 Qc7 13. c4 Nb4 14. Kb1 b5
15. cxb5 cxb5 16. Rc1 Qd8 17. Qf3 Qd5 18. Bxb5 Bb7 19. Bc4 Qxc4 20. Rxc4 Bxf3
21. Ngxf3 Nfd5 22. Nd4 Bd6 23. Ndc6 Bxe5 24. Nxe5 Rfb8 25. Rh3 f6 26. Nc6 Nxc6
27. Rxc6 Kf7 28. Ba3 Rb7 29. Kb2 Nb6 30. Kc2 Rd8 31. Rhc3 Nd5 32. R3c4 h5 33.
Rc8 Rdd7 34. Bc5 e5 35. g3 Nc7 36. Bb6 Ne6 37. Be3 Kg6 38. Ra8 Rd5 39. Ra6 Kf5
40. f3 Re7 41. g4+ hxg4 42. fxg4+ Kg6 43. h5+ Kf7 44. Ra7 Rxa7 45. Bxa7 g6 46.
h6 g5 47. h7 Rd8 48. Bb6 Rh8 49. Bxa5 Rxh7 50. Bb6 Rh8 51. a5 Ra8 52. b4 Kg6
53. Rc6 Nf4 54. Kb3 Nd3 55. b5 e4 56. a6 Ne5 57. Rd6 1-0

[Event "Olimpiada Dresden 2008 Femenina"]
[Site "Dresden GER"]
[Date "2008.11.21"]
[Round "8.15"]
[White "Ubaldo Suarez, Maria Gisela"]
[Black "Hagarova, Zuzana"]
[Result "1/2-1/2"]
[WhiteElo "2089"]
[BlackElo "2430"]
[PlyCount "164"]
[EventDate "2008.11.13"]
[EventType "team-tourn"]
[EventRounds "11"]
[EventCountry "GER"]
[Source "lmi"]
[SourceDate "2008.11.13"]
[WhiteTeam "Venezuela"]
[BlackTeam "Eslovaquia"]
[WhiteTeamCountry "VEN"]
[BlackTeamCountry "SVK"]

1. d4 Nf6 2. Nf3 e6 3. Bg5 h6 4. Bh4 c5 5. e3 b6 6. c4 Bb7 7. Nc3 Be7 8. Bd3 d6
9. O-O Nbd7 10. Rc1 Rc8 11. b3 O-O 12. Bb1 Re8 13. Qd3 cxd4 14. exd4 Nf8 15.
Qe2 d5 16. Bxf6 Bxf6 17. cxd5 exd5 18. Qd3 Rc7 19. Ne2 g6 20. Rxc7 Qxc7 21. Rc1
Qd6 22. Ng3 Qf4 23. Rd1 Kg7 24. Ne2 Qd6 25. Rc1 Ne6 26. Qb5 Re7 27. Qd3 Qa3 28.
Qd2 Ba6 29. Ng3 Qd6 30. h4 h5 31. Bd3 Bxd3 32. Qxd3 Qf4 33. Ne2 Qe4 34. Rd1 Rd7
35. g3 Rc7 36. Rd2 Qxd3 37. Rxd3 Rc2 38. Nc3 Nc7 39. a4 a6 40. Kg2 b5 41. axb5
axb5 42. Ne5 b4 43. Nd1 Kf8 44. Kf1 Ke7 45. Ke1 Ke6 46. Ne3 Rb2 47. Nc6 Na6 48.
f4 Kd6 49. Ne5 Ke6 50. Kd1 Be7 51. Nc6 Bd6 52. Nd8+ Ke7 53. Nb7 Ke6 54. f5+
gxf5 55. Nxd6 Kxd6 56. Nxf5+ Ke6 57. Ng7+ Kf6 58. Nxh5+ Kf5 59. Re3 Nc7 60. Nf4
Nb5 61. Ne2 Rb1+ 62. Kc2 Na3+ 63. Kd2 Rb2+ 64. Kd1 Kg4 65. Rd3 Nb5 66. Nf4 Nc3+
67. Kc1 Rh2 68. h5 f6 69. Rd2 Rh1+ 70. Kc2 Kxg3 71. Nd3 Ne4 72. Re2 Kf3 73. Re1
Rxh5 74. Nxb4 Rh2+ 75. Kc1 Nc3 76. Nc2 Ne2+ 77. Kd1 Nc3+ 78. Kc1 Ne2+ 79. Kd1
Nc3+ 80. Kc1 Ne2+ 81. Kd1 Nc3+ 82. Kc1 Ne2+ 1/2-1/2

[Event "Olimpiada Dresden 2008 Femenina"]
[Site "Dresden GER"]
[Date "2008.11.21"]
[Round "8.15"]
[White "Pokorna, Regina"]
[Black "Han Wong, Irene Estefania"]
[Result "0-1"]
[WhiteElo "2376"]
[BlackElo "2098"]
[PlyCount "140"]
[EventDate "2008.11.13"]
[EventType "team-tourn"]
[EventRounds "11"]
[EventCountry "GER"]
[Source "lmi"]
[SourceDate "2008.11.13"]
[WhiteTeam "Eslovaquia"]
[BlackTeam "Venezuela"]
[WhiteTeamCountry "SVK"]
[BlackTeamCountry "VEN"]

1. e4 c5 2. Nf3 d6 3. d4 cxd4 4. Nxd4 Nf6 5. Nc3 g6 6. Be2 Bg7 7. O-O O-O 8.
Re1 Nc6 9. Nb3 Be6 10. Bg5 Rc8 11. Bf1 Re8 12. Nd5 Bxd5 13. exd5 Na5 14. c3 a6
15. h3 Nc4 16. Bxc4 Rxc4 17. a4 Qd7 18. Nd2 Rcc8 19. Qb3 Nxd5 20. Nc4 Qf5 21.
Bxe7 Rxc4 22. Qxc4 Rxe7 23. Rxe7 Nxe7 24. Qc7 Qe4 25. Qxd6 Be5 26. Qd2 Nc6 27.
a5 Bf4 28. Qd1 Bc7 29. Ra4 Qe5 30. g3 Bxa5 31. Qf3 f5 32. b4 Bb6 33. Ra2 Qd6
34. Kg2 Nd8 35. Re2 Kf7 36. c4 Qc6 37. c5 Bc7 38. Rd2 Qxf3+ 39. Kxf3 Ke7 40.
Ke3 Nc6 41. Rb2 Be5 42. Rb1 Bd4+ 43. Ke2 Bc3 44. b5 axb5 45. Kd3 Bb4 46. f4 Ke6
47. g4 Bxc5 48. Re1+ Kd5 49. Re8 b4 50. Rh8 fxg4 51. hxg4 Bd6 52. Rxh7 Bxf4 53.
Rxb7 Ne5+ 54. Kc2 Kc5 55. Rc7+ Nc6 56. Rc8 g5 57. Kb3 Kb5 58. Re8 Nd4+ 59. Kb2
Kc4 60. Re7 Bd2 61. Re8 Bc3+ 62. Kb1 b3 63. Rc8+ Kd3 64. Rd8 Ke4 65. Rc8 Nb5
66. Rc4+ Kf3 67. Ra4 Kg3 68. Kc1 b2+ 69. Kc2 Nd4+ 70. Kb1 Nf3 0-1

[Event "Olimpiada Dresden 2008 Femenina"]
[Site "Dresden GER"]
[Date "2008.11.21"]
[Round "8.15"]
[White "Hernandez, Zaida"]
[Black "Machalova, Maria"]
[Result "0-1"]
[WhiteElo "2039"]
[BlackElo "2187"]
[PlyCount "124"]
[EventDate "2008.11.13"]
[EventType "team-tourn"]
[EventRounds "11"]
[EventCountry "GER"]
[Source "lmi"]
[SourceDate "2008.11.13"]
[WhiteTeam "Venezuela"]
[BlackTeam "Eslovaquia"]
[WhiteTeamCountry "VEN"]
[BlackTeamCountry "SVK"]

1. e4 c5 2. Nf3 Nc6 3. d4 cxd4 4. Nxd4 g6 5. Nc3 Bg7 6. Be3 Nf6 7. Bc4 Qa5 8.
O-O O-O 9. Nb3 Qc7 10. Bg5 Qd8 11. f4 d6 12. Be2 a5 13. a4 Be6 14. Kh1 Qb6 15.
Nd5 Bxd5 16. exd5 Nb4 17. Bf3 Rac8 18. c3 Na6 19. Re1 Rfe8 20. Re2 Nc7 21. Bh4
Qa6 22. Rd2 Bh6 23. Bg3 Rcd8 24. Qf1 Qa8 25. Rad1 Nd7 26. Qc4 Rc8 27. Qd3 Na6
28. Qb5 Ndc5 29. Nxc5 Nxc5 30. Rd4 Bg7 31. R4d2 Qa6 32. Bf2 Qa8 33. Bd4 Bxd4
34. Rxd4 Qa6 35. Be2 Red8 36. Qxa6 bxa6 37. Bf1 Rc7 38. Re1 Rb8 39. b4 Nxa4 40.
Bxa6 axb4 41. cxb4 Rb6 42. Bf1 Rb8 43. g3 Kf8 44. Re3 Rc1 45. Kg2 Rb1 46. b5
Nc5 47. Rd2 Ra8 48. Bc4 Raa1 49. Kh3 h5 50. Ree2 Rb4 51. Ba2 Rxb5 52. Rb2 Rxb2
53. Rxb2 Kg7 54. Bb1 Kf6 55. Rb6 Na4 56. Ra6 Rxb1 57. Rxa4 Rd1 58. Ra5 Rd2 59.
Rb5 Kf5 60. Rb7 Re2 61. Rd7 f6 62. Rb7 g5 0-1

[Event "Olimpiada Dresden 2008 Femenina"]
[Site "Dresden GER"]
[Date "2008.11.21"]
[Round "8.16"]
[White "Leite, Catarina"]
[Black "Arribas Robaina, Maritza"]
[Result "1/2-1/2"]
[WhiteElo "2153"]
[BlackElo "2303"]
[PlyCount "73"]
[EventDate "2008.11.13"]
[EventType "team-tourn"]
[EventRounds "11"]
[EventCountry "GER"]
[Source "lmi"]
[SourceDate "2008.11.13"]
[WhiteTeam "Portugal"]
[BlackTeam "Cuba"]
[WhiteTeamCountry "POR"]
[BlackTeamCountry "CUB"]

1. e4 d6 2. Nf3 Nf6 3. Nc3 g6 4. Be2 Bg7 5. O-O O-O 6. d3 c5 7. h3 Nc6 8. Be3
e5 9. Nh2 Nd4 10. Bg4 Nxg4 11. hxg4 Be6 12. Nd5 f5 13. gxf5 gxf5 14. f4 fxe4
15. dxe4 Bxd5 16. exd5 Nf5 17. Bd2 exf4 18. Bxf4 Bxb2 19. Qg4+ Kh8 20. Rab1
Bd4+ 21. Kh1 b6 22. Rb3 Qe8 23. Rbf3 Bg7 24. Bg5 h6 25. Rxf5 Rxf5 26. Qxf5 hxg5
27. Qxg5 Qe5 28. Qh4+ Kg8 29. Ng4 Qe2 30. Nf6+ Kf7 31. Rf4 Rh8 32. Nh5+ Kg8 33.
Qd8+ Kh7 34. Qh4 Kg8 35. Qd8+ Kh7 36. Qh4 Kg8 37. Qd8+ 1/2-1/2

[Event "Olimpiada Dresden 2008 Femenina"]
[Site "Dresden GER"]
[Date "2008.11.21"]
[Round "8.17"]
[White "Houska, Jovanka"]
[Black "Vojinovic, Jovana"]
[Result "1/2-1/2"]
[WhiteElo "2399"]
[BlackElo "2332"]
[PlyCount "119"]
[EventDate "2008.11.13"]
[EventType "team-tourn"]
[EventRounds "11"]
[EventCountry "GER"]
[Source "lmi"]
[SourceDate "2008.11.13"]
[WhiteTeam "Inglaterra"]
[BlackTeam "MNE"]
[WhiteTeamCountry "ENG"]

1. d4 Nf6 2. Nf3 g6 3. c4 Bg7 4. g3 d6 5. Bg2 O-O 6. O-O Nc6 7. Nc3 Bf5 8. b3
Ne4 9. Nd5 e6 10. Ne3 Nc3 11. Qd2 Ne4 12. Qb2 h5 13. Nxf5 exf5 14. e3 a5 15. a3
d5 16. Qc2 Ne7 17. Bb2 c6 18. Ne5 h4 19. f3 Nf6 20. Rf2 Qc8 21. Bh3 Qc7 22.
cxd5 hxg3 23. hxg3 Nfxd5 24. e4 f6 25. exd5 fxe5 26. dxc6 b5 27. dxe5 Bxe5 28.
f4 Bxb2 29. Qxb2 Nxc6 30. Bg2 Rad8 31. Rc1 Rd6 32. Rxc6 Rxc6 33. Bd5+ Rf7 34.
Re2 Qb6+ 35. Kf1 Rcf6 36. Re8+ Kg7 37. Bxf7 Kxf7 38. Qe5 Re6 39. Rxe6 Qxe6 40.
Qxb5 Qe3 41. Qc4+ Kg7 42. Kg2 Qd2+ 43. Kh3 Qf2 44. Qc3+ Kf7 45. Qc7+ Kf6 46.
Qc6+ Kg7 47. Qg2 Qd4 48. Qb7+ Kh6 49. Qa8 Qc3 50. Qf8+ Kh7 51. Qe7+ Kg8 52.
Qe6+ Kh7 53. Qe7+ Kg8 54. Qd8+ Kh7 55. Qd5 Qa1 56. b4 axb4 57. axb4 Kh6 58. Qd2
Qh1+ 59. Qh2 Qb7 60. Qb2 1/2-1/2

[Event "Olimpiada Dresden 2008 Femenina"]
[Site "Dresden GER"]
[Date "2008.11.21"]
[Round "8.17"]
[White "Drljevic, Ljilja"]
[Black "Lauterbach, Ingrid"]
[Result "1-0"]
[WhiteElo "2259"]
[BlackElo "2178"]
[PlyCount "95"]
[EventDate "2008.11.13"]
[EventType "team-tourn"]
[EventRounds "11"]
[EventCountry "GER"]
[Source "lmi"]
[SourceDate "2008.11.13"]
[WhiteTeam "MNE"]
[BlackTeam "Inglaterra"]
[BlackTeamCountry "ENG"]

1. e4 c5 2. Nf3 e6 3. d3 Nc6 4. g3 d5 5. Nbd2 Bd6 6. Bg2 Nge7 7. O-O b5 8. a4
b4 9. Re1 O-O 10. Nh4 Ba6 11. f4 Qb6 12. Kh1 Rad8 13. e5 Bc7 14. Ndf3 c4 15. d4
Ng6 16. Nxg6 hxg6 17. Ng5 Ne7 18. Qg4 Nf5 19. Qh3 Nh6 20. Be3 Rde8 21. g4 Bd8
22. Rg1 Bc8 23. Rad1 b3 24. c3 Qa5 25. Bf3 Be7 26. Ra1 Rd8 27. Rg3 Rfe8 28. Qg2
f6 29. exf6 gxf6 30. Rh3 Bf8 31. Qg3 fxg5 32. fxg5 Nf5 33. gxf5 exf5 34. Qh4
Bg7 35. Bf4 Kf7 36. Qg3 Rd7 37. Bd6 Rh8 38. Rxh8 Bxh8 39. Bb4 Qd8 40. Re1 Bg7
41. Qf4 a5 42. Bc5 Kg8 43. Re6 Kf7 44. Qe3 f4 45. Qxf4+ Kg8 46. Qe3 Kh7 47. Re8
Qc7 48. Bg4 1-0

[Event "Olimpiada Dresden 2008 Femenina"]
[Site "Dresden GER"]
[Date "2008.11.21"]
[Round "8.17"]
[White "Mijovic, Aleksandra"]
[Black "Bhatia, Kanwal K"]
[Result "1/2-1/2"]
[WhiteElo "2176"]
[BlackElo "2065"]
[PlyCount "117"]
[EventDate "2008.11.13"]
[EventType "team-tourn"]
[EventRounds "11"]
[EventCountry "GER"]
[Source "lmi"]
[SourceDate "2008.11.13"]
[WhiteTeam "MNE"]
[BlackTeam "Inglaterra"]
[BlackTeamCountry "ENG"]

1. e4 e5 2. Nf3 Nc6 3. Bc4 Bc5 4. O-O d6 5. c3 Nf6 6. d4 Bb6 7. dxe5 dxe5 8.
Qxd8+ Nxd8 9. Nxe5 Nxe4 10. Nd2 Nd6 11. a4 Nxc4 12. Ndxc4 Bc5 13. b4 Be7 14. f4
f6 15. Nf3 Be6 16. Ne3 O-O 17. Nd4 Bf7 18. Nb5 c6 19. Nd4 g6 20. Ba3 Ne6 21.
Nxe6 Bxe6 22. f5 Bf7 23. Ng4 Kg7 24. Rae1 Rfe8 25. Bc1 g5 26. Rd1 a5 27. Rd7 h5
28. Ne5 Rad8 29. Rxd8 Bxd8 30. Nxf7 Kxf7 31. Rd1 Bb6+ 32. Kf1 axb4 33. cxb4 Rd8
34. Rxd8 Bxd8 35. Ke2 Bc7 36. h3 Be5 37. Kd3 Ke7 38. Be3 Kd7 39. g4 hxg4 40.
hxg4 Kc7 41. Kc4 Kd7 42. b5 cxb5+ 43. axb5 Bd6 44. Bd4 Be7 45. Kd5 Bd8 46. Bb2
Be7 47. Bc3 Bd8 48. Kc5 Ke7 49. Bd2 Kd7 50. Be1 Bc7 51. Bf2 Ke7 52. Kd5 Kd7 53.
Bc5 Bd8 54. Bd6 Bb6 55. Bf8 Bd8 56. Kc5 Bc7 57. Kd5 Bd8 58. Bd6 Bb6 59. Ke4
1/2-1/2

[Event "Olimpiada Dresden 2008 Femenina"]
[Site "Dresden GER"]
[Date "2008.11.21"]
[Round "8.19"]
[White "Borsuk, Angela"]
[Black "Schoene, Maria"]
[Result "0-1"]
[WhiteElo "2398"]
[BlackElo "2198"]
[PlyCount "92"]
[EventDate "2008.11.13"]
[EventType "team-tourn"]
[EventRounds "11"]
[EventCountry "GER"]
[Source "lmi"]
[SourceDate "2008.11.13"]
[WhiteTeam "Israel"]
[BlackTeam "Alemania"]
[WhiteTeamCountry "ISR"]
[BlackTeamCountry "GER"]

1. d4 Nf6 2. c4 g6 3. Nc3 Bg7 4. e4 d6 5. Nf3 O-O 6. Be2 e5 7. O-O Nc6 8. d5
Ne7 9. b4 a5 10. Ba3 b6 11. bxa5 Nh5 12. Re1 f5 13. Bb4 bxa5 14. Ba3 Nf4 15.
Bf1 fxe4 16. Nd2 Nd3 17. Bxd3 exd3 18. Nde4 Nf5 19. Qxd3 Nd4 20. Nb5 Rb8 21.
Bc1 Bf5 22. a4 Qh4 23. Ra2 Rf7 24. Rb2 Nb3 25. Qxb3 Bxe4 26. Qe3 Bxg2 27. Qg3
Qxg3 28. fxg3 Bh3 29. Be3 Rbf8 30. Rf2 Rxf2 31. Bxf2 Rf7 32. c5 dxc5 33. Bxc5
Rd7 34. Nc3 e4 35. Nxe4 Rxd5 36. Be3 Re5 37. Nf2 Bd7 38. Rd1 Bxa4 39. Rd3 Bb5
40. Ra3 a4 41. Ng4 Rd5 42. Bf4 c6 43. Kg2 Rd3 44. Ra2 a3 45. Ne5 Rd5 46. Nf3
Bb2 0-1

[Event "Olimpiada Dresden 2008 Femenina"]
[Site "Dresden GER"]
[Date "2008.11.21"]
[Round "8.19"]
[White "Mader, Manuela"]
[Black "Igla, Bella"]
[Result "1-0"]
[WhiteElo "2132"]
[BlackElo "2254"]
[PlyCount "93"]
[EventDate "2008.11.13"]
[EventType "team-tourn"]
[EventRounds "11"]
[EventCountry "GER"]
[Source "lmi"]
[SourceDate "2008.11.13"]
[WhiteTeam "Alemania"]
[BlackTeam "Israel"]
[WhiteTeamCountry "GER"]
[BlackTeamCountry "ISR"]

1. d4 Nf6 2. c4 e6 3. Nf3 b6 4. g3 Bb7 5. Bg2 Bb4+ 6. Bd2 Be7 7. Nc3 O-O 8. O-O
c5 9. dxc5 bxc5 10. Rc1 d6 11. Qc2 Nc6 12. Rfd1 a6 13. Ne4 Nxe4 14. Qxe4 Rb8
15. Qb1 Nd4 16. Nxd4 cxd4 17. b3 Bxg2 18. Kxg2 Qd7 19. Qe4 e5 20. e3 Bf6 21. h4
Rfc8 22. exd4 exd4 23. Bg5 Re8 24. Qf3 Be5 25. Rc2 Rec8 26. Bc1 d5 27. Re2 Bf6
28. Bf4 Rb6 29. Qxd5 Qxd5+ 30. cxd5 Rb5 31. d6 Rd5 32. Rc1 Rd8 33. Rc6 a5 34.
Kf3 h6 35. Ke4 Rb5 36. Rec2 g5 37. hxg5 hxg5 38. Bd2 Kf8 39. Bc1 Bg7 40. Ba3
Ke8 41. R2c5 Rxc5 42. Bxc5 f5+ 43. Kxf5 d3 44. Be3 Bd4 45. Bxg5 Bxf2 46. Ke6
Kf8 47. d7 1-0

[Event "Olimpiada Dresden 2008 Femenina"]
[Site "Dresden GER"]
[Date "2008.11.21"]
[Round "8.19"]
[White "Efroimski, Marsel"]
[Black "Endress, Anna"]
[Result "1-0"]
[WhiteElo "2052"]
[BlackElo "2067"]
[PlyCount "131"]
[EventDate "2008.11.13"]
[EventType "team-tourn"]
[EventRounds "11"]
[EventCountry "GER"]
[Source "lmi"]
[SourceDate "2008.11.13"]
[WhiteTeam "Israel"]
[BlackTeam "Alemania"]
[WhiteTeamCountry "ISR"]
[BlackTeamCountry "GER"]

1. e4 c5 2. Nf3 e6 3. d4 cxd4 4. Nxd4 Nf6 5. Nc3 d6 6. g4 h6 7. g5 hxg5 8. Bxg5
Nc6 9. Qd2 a6 10. O-O-O Qb6 11. Nb3 Bd7 12. h4 Be7 13. Be2 Qc7 14. h5 O-O-O 15.
Qf4 Ne5 16. Qh4 Bc6 17. Nd2 d5 18. exd5 Ng6 19. Qg3 Qxg3 20. fxg3 Nxd5 21. Bxe7
Nxc3 22. bxc3 Nxe7 23. Rhg1 Nd5 24. Nb1 f5 25. c4 Nf6 26. Rde1 e5 27. Nd2 e4
28. Ref1 Nxh5 29. Rxf5 Nf6 30. Nf1 Kd7 31. Rg5 Rdg8 32. c5 Nh7 33. Rg6 Ke7 34.
Bc4 Rf8 35. Rxg7+ Kf6 36. Rc7 Ng5 37. Ne3 Nf3 38. Rd1 Rd8 39. Rxd8 Rxd8 40.
Bxa6 bxa6 41. Rxc6+ Ke5 42. Nc4+ Kd5 43. Rd6+ Rxd6 44. cxd6 Ng5 45. d7 Nf7 46.
Ne3+ Ke6 47. Ng4 Kxd7 48. Nf6+ Ke6 49. Nxe4 Kd5 50. Nf2 Kd4 51. Kd2 Nd6 52. c3+
Kc4 53. g4 Nf7 54. Ne4 Ne5 55. g5 Nf3+ 56. Ke3 Nxg5 57. Nxg5 Kxc3 58. Ne4+ Kb2
59. a4 Ka3 60. Nc5 Kb4 61. Kd4 Ka5 62. Kc4 Kb6 63. Nb3 Kc6 64. a5 Kb7 65. Kd5
Ka8 66. Ke4 1-0